| 000 | 01120ngm a2200181 a 4500 | ||
|---|---|---|---|
| 005 | 20260204064131.0 | ||
| 008 | 991125s1980 es 037 d daspa u | ||
| 035 | _aUPN01000000755 | ||
| 049 | _aAV | ||
| 050 | 4 | _aPVI L 0517 | |
| 245 | 0 | 0 | _aAdaptándose a la vida norteamericana. |
| 260 |
_a[Estados Unidos] : _bDiálogo, _c[198-]. |
||
| 300 |
_a1 videocasete (VHS) (37 min.) : _bson., col. |
||
| 520 | _aSe presentan 6 universidades de diferentes estados de los Estados Unidos y se dan a conocer las características de cada una de ellas. Se entrevistan a alumnos extranjeros que estudian en estas universidades y dan su opinión sobre las mismas. Da aspectos que son de interés común para los estudiantes extranjeros que estudian o desean estudiar en alguna escuela de Estados Unidos, tales como lugares donde vivir, tipo de comida, relaciones humanas, las diferencias que encuentran, etc. | ||
| 505 | 8 | _aCon: La vida estudiantil en Estados Unidos -- Si quieres estudiar en los Estados Unidos -- El asesor del estudiante extrajero | |
| 650 | 4 |
_aEstudiantes extranjeros _zEstados Unidos _925027 |
|
| 905 | _aAudiovisuales | ||
| 999 |
_c755 _d755 |
||